000 00321nam a2200145Ia 4500
008 090707b ii f a fnsan d
020 _a9382804331
100 _aJinder
_94840
245 _a1947 Alle Zakhman Di Dastan
260 _aPatiala
260 _bSangam Pub.
260 _c2013
300 _a627p
942 _cBK
999 _c27211
_d27211